| 000 | 01563nam a2200397 i 4500 | ||
|---|---|---|---|
| 001 | 197964 | ||
| 003 | ES-MaACL | ||
| 005 | 20260205153540.0 | ||
| 007 | ta | ||
| 008 | 251117s2023 sp a|||| |||| 001 0 spa d | ||
| 017 |
_aM 4553-2023 _bOficina Depósito Legal Madrid |
||
| 020 | _a978-84-00-11077-2 | ||
| 020 |
_a978-84-00-11078-9 _qe-ISBN |
||
| 024 | 7 |
_aNIPO 833-23-014-2 _2nipo |
|
| 024 | 7 |
_aNIPO 833-23-015-8 _qe-nipo _2nipo |
|
| 040 |
_aES-MaACL _bspa _cES-MaACL _erda |
||
| 080 | _a7:32(460) | ||
| 080 | _a7.036/.038(460) | ||
| 100 | 1 |
_9175821 _aChaves Amieva, Óscar _eaut |
|
| 245 | 1 | 0 |
_aImágenes cautivas : _barte, violencia política y cultura visual en España (1923-1959) / _cÓscar Chaves Amieva |
| 264 | 1 |
_aMadrid : _bConsejo Superior de Investigaciones Científicas, _c2023 |
|
| 300 |
_a461 páginas : _bilustraciones (blanco y negro y color) ; _c28 cm |
||
| 336 |
_2rdacontent _aTexto |
||
| 337 |
_2rdamedia _asin mediación |
||
| 338 |
_2rdacarrier _avolumen |
||
| 490 | 0 |
_aColección Historia del Arte. Serie Biblioteca de Historia del arte ; _v39 |
|
| 500 | _aEjemplar dedicado y firmado por el autor | ||
| 504 | _aBibliografía: páginas 424-461. Índice | ||
| 650 | 4 |
_9242511 _aArte y política- _zEspaña- _yS.XX |
|
| 650 | 4 |
_910202 _aArte español- _yS.XX |
|
| 852 |
_aES-MaACL _cDEPOJ _jA-15895 _hDonación: Óscar Chaves _xEncuadernación rústica con solapas _9206924 |
||
| 942 |
_cMONOGRAFIA _n0 |
||
| 999 |
_c197964 _d197964 |
||